Mathematical Problems in astronautics (Record no. 183735)
[ view plain ]
| 000 -LEADER | |
|---|---|
| fixed length control field | 00500 a2200169 4500 |
| 003 - CONTROL NUMBER IDENTIFIER | |
| control field | Nust |
| 005 - DATE AND TIME OF LATEST TRANSACTION | |
| control field | 20230328113451.0 |
| 040 ## - CATALOGING SOURCE | |
| Transcribing agency | Nust |
| 082 ## - DEWEY DECIMAL CLASSIFICATION NUMBER | |
| Classification number | 629.4,TAT |
| 100 ## - MAIN ENTRY--PERSONAL NAME | |
| Personal name | D. Tattersfield |
| 9 (RLIN) | 111492 |
| 245 ## - TITLE STATEMENT | |
| Title | Mathematical Problems in astronautics |
| Remainder of title | a supplement to a handbook of astronautics / |
| Statement of responsibility, etc. | D. Tattersfield |
| 260 ## - PUBLICATION, DISTRIBUTION, ETC. | |
| Place of publication, distribution, etc. | London |
| Name of publisher, distributor, etc. | Universty press |
| Date of publication, distribution, etc. | 1964 |
| 300 ## - PHYSICAL DESCRIPTION | |
| Extent | 67p |
| 538 ## - SYSTEM DETAILS NOTE | |
| System details note | Almirah No.42 Shelf No. 3 |
| 650 ## - SUBJECT ADDED ENTRY--TOPICAL TERM | |
| Topical term or geographic name entry element | Mathematical Problems in astronauies |
| 9 (RLIN) | 111493 |
| 942 ## - ADDED ENTRY ELEMENTS (KOHA) | |
| Source of classification or shelving scheme | |
| Koha item type | Book |
| Withdrawn status | Lost status | Source of classification or shelving scheme | Damaged status | Not for loan | Permanent Location | Current Location | Shelving location | Date acquired | Full call number | Barcode | Date last seen | Price effective from | Koha item type | Public note |
|---|---|---|---|---|---|---|---|---|---|---|---|---|---|---|
| Military College of Signals (MCS) | Military College of Signals (MCS) | General Stacks | 12/12/2016 | 629.4,TAT | MCS890 | 12/08/2016 | 12/12/2016 | Book | Almirah No.74, Shelf No.7 |
